00248 a2200109 4500001000700000020001800007040003500025100001000060240003200070245002700102362000900129157252 a9788574068084 cEscola São Tomás de Aquino aLALAU10aBebês brasileirinhoslpor10aBebês brasileirinhos0 a2017